000 00290 a2200121 4500
000 nam a22 7a 4500
005 20260130123218.0
020 _a9781836594734
100 _aMarissa Carter
_91112948
245 _aCounselling Psychology
260 _bEdtech Press
_c2026
942 _cTEXL
999 _c1678421
_d1678421